| 000 | 00865nam a2200241 a 4500 | ||
|---|---|---|---|
| 001 | BRCA_6568 | ||
| 005 | 20190320205516.0 | ||
| 008 | 300911s1923----u--ac#####---#000-0#eng-# | ||
| 041 | _aeng | ||
| 044 | _au | ||
| 050 | 4 |
_aF44 _b.P8 R7 _c1923 |
|
| 100 | 1 |
_aRogers, Mary Cochrane _d1869- _916384 |
|
| 245 | 1 | 0 |
_aGlimpses of an old social capital (Portsmouth, New Hampshire) _bas illustrated by the life of the Reverend Arthur Browne and his circle _cby Mary Cochrane Rogers. |
| 260 |
_aBoston _bPrinted for the suscribers _c1923 |
||
| 300 |
_axiii, 92 p. _bil., retratos _c27 cm. |
||
| 500 | _aIncluye lista de ilustraciones | ||
| 500 | _aL109 | ||
| 600 | 1 | 4 |
_aBrowne, Arthur _d1699-1773 _916385 |
| 650 | 1 | 4 |
_aPortsmouth, New Hampshire _xVida social y costumbres _916386 |
| 651 | 4 |
_aEstados Unidos _xVida social y costumbres _916387 |
|
| 902 | _aGFM | ||
| 942 |
_2lcc _cB |
||
| 999 |
_c6252 _d6252 |
||